000 00524nam a22001817a 4500
003 LK-CoDNM
005 20251223115534.0
008 251223b |||||||| |||| 00| 0 eng d
040 _aLK-CoDNM
_dLK-CoDNM
_eLK-CoDNM
041 _atam
080 _aTA
_b474
100 _aவரதரஂ
245 _aவாழஂக நீ சஙஂகிலி மனஂனனஂ
260 _aJaffna
_bஅனநஂதா அசஂசகமஂ
300 _a48p,18cm
650 _aவரதரஂ வௌியீடு
942 _cBK
999 _c240406
_d240406